000 00292nam a22001337a 4500
008 170831b xxu||||| |||| 00| 0 eng d
020 _a0564067086
041 _aeng
080 _a070
100 _a40
101 _aMED
245 _aMASS MEDIA RESEARSCH
_cVIMMER.R.D
942 _2udc
_cBK
999 _c25705
_d25705